000 00979nam a22002057a 4500
999 _c61809
_d61809
003 Ge_BSU
005 20240516130032.0
008 240516s2017 ge ||||| |||| 00| 0 geo d
020 _a9789941115578
041 _ageo
080 _a821.133.1.03-31=353.1 კ-90
100 _aკუნდერა, მილან
_922104
245 _aუკვდავება :
_b[რომანი] /
_cმილან კუნდერა; ფრანგულიდან თარგმნა პაატა ჯავახიშვილმა.
264 _aთბილისი :
_bდიოგენე,
_c2017.
300 _a366 გვ. ;
_b19 სმ.
500 _aგარეკანზე: მორის უტრილოს "ტერტრის მოედანი"
653 _aფრანგული პროზა.
700 _aჯავახიშვილი, პაატა
_eმთარგმნელი
_97899
942 _2udc
_cᲬᲘᲒᲜᲘ